01793nam a2200397Ia 4500001001200000003000800012006001900020007001500039008004100054010001700095020001800112020003600130020003300166040002100199035002100220050002600241100002300267245014400290260003600434300002600470504004100496533015200537610009500689650005200784650006700836650005800903650005400961650005601015651004801071651005401119651003301173655002901206710001701235856012601252999001701378ebr10256100CaPaEBRm u cr cn|||||||||070329s2007 maub sb 000 0 eng d z 2007013411 z9780807069073 z9780807069066 (acid-free paper) z080706906X (acid-free paper) aCaPaEBRcCaPaEBR a(OCoLC)47113190314aDS110.W47bW56 2007eb1 aWinslow, Philip C.10aVictory for us is to see you sufferh[electronic resource] :bin the West Bank with the Palestinians and the Israelis /cPhilip C. Winslow. aBoston :bBeacon Press,cc2007. axxiii, 224 p. :bmap. aIncludes bibliographical references. aElectronic reproduction.bPalo Alto, Calif. :cebrary,d2009.nAvailable via World Wide Web.nAccess may be limited to ebrary affiliated libraries.20aUnited Nations Relief and Works Agency for Palestine Refugees in the Near EastxEmployees. 0aMilitary occupationxSocial aspectszWest Bank. 0aPalestinian ArabszWest BankxSocial conditionsy21st century. 0aIsraeliszWest BankxSocial conditionsy21st century. 0aJewsxColonizationxGovernment policyzWest Bank. 0aArab-Israeli conflicty1993-xOccupied territories. 0aWest BankxSocial conditionsy21st century. 0aWest BankxPolitics and governmenty21st century. 0aWest BankxEthnic relations. 7aElectronic books.2local2 aebrary, Inc.40uhttp://site.ebrary.com/lib/rucke/Doc?id=10256100zAn electronic book accessible through the World Wide Web; click to view c14485d14485